000 00537nam a2200193Ia 4500
003 GCL
008 140319s9999 xx 000 0 ara d
040 _aGCL /
_cGCL
082 0 4 _a370.156
_bك ا
100 1 _aكلير فهيم
245 1 0 _aابناؤنا وصراعاتهم النفسية /
_cكلير فهيم
260 _a[S.N] :
_bدار الثقافة العربية ،
_c1985
300 _a161 ص
490 _a
650 0 4 _aالتربية
650 0 4 _aالاطفال
650 0 4 _aعلم النفس
942 _2ddc
_cBK
999 _c53263
_d53263